000 01987nam a2200361 a 4500
001 ebr10513979
003 CaPaEBR
006 m u
007 cr cn|||||||||
008 110328s2011 njua sb 001 0 eng d
010 _z 2011013565
020 _z9780470542590 (acid-free paper)
020 _z9781118084663 (e-book)
040 _aCaPaEBR
_cCaPaEBR
035 _a(OCoLC)751970371
050 1 4 _aTA545
_b.E87 2011eb
082 0 4 _a526.9
_223
100 1 _aEstopinal, Stephen V.
_q(Stephen Vincent)
245 1 0 _aProfessional surveyors and real property descriptions
_h[electronic resource] :
_bcomposition, construction, and comprehension /
_cStephen V. Estopinal, Wendy Lathrop.
260 _aHoboken, N.J. :
_bWiley,
_cc2011.
300 _axi, 266 p. :
_bill.
504 _aIncludes bibliographical references and index.
520 _a"Land boundaries are the physical, technical, and legal entities that define the extent and limits of a particular parcel of land, whether a small acreage of private property or the delineation between sovereign nations. This book is intended to be a tutorial on writing land descriptions for surveyors, allowing readers to be able to construct complete and modern land descriptions. Providing not only information on how to write new descriptions, this book also covers the history of how historic descriptions were written, enabling the reader to properly interpret them today"--
_cProvided by publisher.
533 _aElectronic reproduction.
_bPalo Alto, Calif. :
_cebrary,
_d2012.
_nAvailable via World Wide Web.
_nAccess may be limited to ebrary affiliated libraries.
650 0 _aSurveying.
650 0 _aSurveys
_xPlotting.
650 0 _aReal property.
650 0 _aMap reading.
655 7 _aElectronic books.
_2local
700 1 _aLathrop, Wendy.
710 2 _aebrary, Inc.
856 4 0 _uhttp://site.ebrary.com/lib/rucke/Doc?id=10513979
_zAn electronic book accessible through the World Wide Web; click to view
999 _c221091
_d221091